书目信息 |
| 题名: |
图解电动机维修快速入门
|
|
| 作者: | 韩雪涛 主编 ;数码维修工程师鉴定指导中心 组织编写 | |
| 分册: | ||
| 出版信息: | 北京 机械工业出版社 2014 |
|
| 页数: | 206页 | |
| 开本: | 26cm | |
| 丛书名: | 上岗轻松学 | |
| 单 册: | ||
| 中图分类: | TM320.7-64 , TM320.7 | |
| 科图分类: | ||
| 主题词: | 电动机--Dian Dong Ji--维修--图解 | |
| 电子资源: | ||
| ISBN: | 978-7-111-46781-6 | |
| 000 | 01740nam 2200301 450 | |
| 001 | 1651891517 | |
| 005 | 20144016114038.0 | |
| 010 | @a978-7-111-46781-6@dCNY39.80 | |
| 100 | @a20140825d2014 em y0chiy0120 ea | |
| 101 | 0 | @achi |
| 102 | @aCN@b110000 | |
| 105 | @aa z 000yy | |
| 106 | @ar | |
| 200 | 1 | @a图解电动机维修快速入门@ATu Jie Dian Dong Ji Wei Xiu Kuai Su Ru Men@f主编韩雪涛@g数码维修工程师鉴定指导中心组织编写 |
| 210 | @a北京@c机械工业出版社@d2014 | |
| 215 | @a206页@c图@d26cm | |
| 225 | 2 | @a上岗轻松学@AShang Gang Qing Song Xue |
| 330 | @a本书完全遵循国家职业技能标准和电动机维修领域的实际岗位需求,在内容编排上充分考虑电动机维修的特点,按照学习习惯和难易程度将电冰箱维修技能划分为9章,即电动机的种类和功能、直流电动机的结构和工作原理、交流电动机的结构和工作原理、电动机的检修材料和检修工具、电动机的拆卸与安装方法、电动机控制电路的应用与分析、电动机绕组的绕制训练、电动机的常用检修方法、电动机的日常保养与维护。学习者可以看着学、看着做、跟着练,通过“图文互动”的全新模式,轻松、快速地掌握电动机维修技能。书中大量的演示图解、操作案例以及实用数据都可以供学习者在日后的工作中方便、快捷地查询使用。另外,本书还附赠面值为50积分的学习卡,读者可以凭此卡登录数码维修工程师的官方网站获得超值服务。 | |
| 333 | @a学习电动机维修的必备用书,相关机构的电动机维修培训教材,从事电气设备维修的专业技术人员。 | |
| 410 | 0 | @12001 @a上岗轻松学 |
| 517 | 1 | @a电动机维修快速入门@ADian Dong Ji Wei Xiu Kuai Su Ru Men |
| 606 | 0 | @a电动机@ADian Dong Ji@x维修@j图解 |
| 690 | @aTM320.7-64@v5 | |
| 690 | @aTM320.7@v4 | |
| 701 | 0 | @a韩雪涛@AHan Xue Tao@4主编 |
| 712 | 02 | @a数码维修工程师鉴定指导中心@AShu Ma Wei Xiu Gong Cheng Shi Jian Ding Zhi Dao Zhong Xin@4组织编写 |
| 801 | 0 | @aCN@b江苏新华@c20150511 |
| 905 | @aBZT@dTM320.7@e56 | |
| 图解电动机维修快速入门/主编韩雪涛/数码维修工程师鉴定指导中心组织编写.-北京:机械工业出版社,2014 |
| 206页:图;26cm.-(上岗轻松学) |
| 使用对象:学习电动机维修的必备用书,相关机构的电动机维修培训教材,从事电气设备维修的专业技术人员。 |
| ISBN 978-7-111-46781-6:CNY39.80 |
| 本书完全遵循国家职业技能标准和电动机维修领域的实际岗位需求,在内容编排上充分考虑电动机维修的特点,按照学习习惯和难易程度将电冰箱维修技能划分为9章,即电动机的种类和功能、直流电动机的结构和工作原理、交流电动机的结构和工作原理、电动机的检修材料和检修工具、电动机的拆卸与安装方法、电动机控制电路的应用与分析、电动机绕组的绕制训练、电动机的常用检修方法、电动机的日常保养与维护。学习者可以看着学、看着做、跟着练,通过“图文互动”的全新模式,轻松、快速地掌握电动机维修技能。书中大量的演示图解、操作案例以及实用数据都可以供学习者在日后的工作中方便、快捷地查询使用。另外,本书还附赠面值为50积分的学习卡,读者可以凭此卡登录数码维修工程师的官方网站获得超值服务。 |
| ● |
| 相关链接 |
|
|
|
正题名:图解电动机维修快速入门
索取号:TM320.7/56
 
预约/预借
| 序号 | 登录号 | 条形码 | 馆藏地/架位号 | 状态 | 备注 |
| 1 | 801914 | 2000801914 | 第二书库/ [索取号:TM320.7/56] | 在馆 | |
| 2 | 801915 | 2000801915 | 第二书库/ [索取号:TM320.7/56] | 在馆 | |
| 3 | 801916 | 2000801916 | 第二书库/ [索取号:TM320.7/56] | 在馆 |